| 000 | 01128cam a22003617a 4500 | ||
|---|---|---|---|
| 003 | CHAP | ||
| 005 | 20220329133702.0 | ||
| 008 | 971013s1994 r 00010 d | ||
| 010 | _a9487 | ||
| 011 | _a10459 | ||
| 035 | _a9696 | ||
| 040 | _cCHAP | ||
| 082 |
_a633.15 _bF7 |
||
| 100 | 0 | 0 |
_aFreeling, Michael _eed. _943113 |
| 245 | 1 | 4 | _aThe maize handbook |
| 260 |
_aNew York : _bSpringer-Verlag, _c1994 |
||
| 300 |
_a759 p. _b: ilus. |
||
| 590 |
_aBATCH-UPD _b10 _c20130110 _lUCH01 _h0303 |
||
| 590 |
_aBATCH-UPD _b10 _c20130110 _lUCH01 _h1125 |
||
| 590 |
_aBATCH-UPD _b10 _c20130409 _lUCH01 _h2334 |
||
| 590 |
_aBATCH-UPD _b10 _c20130914 _lUCH01 _h0646 |
||
| 590 |
_aCONVERSION _b10 _c20130109 _lUCH01 _h1306 |
||
| 650 | 1 | 4 |
_aBiotecnología vegetal. _912892 |
| 650 | 1 | 4 |
_aCultivo de tejidos. _930213 |
| 650 | 1 | 4 |
_aMaíz. _970848 |
| 650 | 1 | 4 |
_aMaíz _xCitología. _970900 |
| 650 | 1 | 4 |
_aMaíz _xFisiología y morfología. _970958 |
| 650 | 1 | 4 |
_aMaíz _xGenética. _970963 |
| 700 | 0 |
_aWalbot, Virginia _eed. _9120829 |
|
| 901 | _aBK | ||
| 942 | _cLIBRO | ||
| 949 |
_a633.15 F7 _bBC _cC _d33724000570750 _eC _gI. 172569 _h86186 _i9696 _si _t303.00 |
||
| 999 |
_c9487 _d9487 |
||